[Event "RUS-chT Premier League 2018"]
[Site "Sochi"]
[Date "2018.05.01"]
[Round "1"]
[White "Ponkratov, Pavel"]
[Black "Svidler, Peter"]
[Result "1/2-1/2"]
[WhiteElo "2601"]
[BlackElo "2760"]
[Annotator "TA"]
[PlyCount "81"]
[EventDate "2018.??.??"]
[EventCountry "RUS"]
[SourceTitle "playchess.com"]
[Source "ChessBase"]
[SourceQuality "1"]

{[%evp 18,81,13,0,27,0,-6,0,29,32,32,31,41,40,24,37,57,10,62,8,43,29,25,15,37,0,0,0,15,10,10,27,17,0,0,0,0,-12,-17,-63,-39,-30,-37,-37,-17,-59,-59,-59,-59,-59,-59,-59,-59,-51,-45,-45,-45,-45,-45,-51,-45,-60,0,-54,0,-61]} 1. d4 Nf6 2. c4 g6 3. Nc3 d5 4. Nf3 Bg7 5. cxd5 Nxd5 6. e4 Nxc3 7. bxc3 c5 8. Be3 Qa5 9. Nd2 {D85: Exchange Grünfeld: Unusual White 7th moves and lines with 7 Nf3} O-O (9... Bd7 10. Rb1 Qxc3 11. d5 b6 12. Bc4 O-O 13. O-O Qa5 14. Qe2 e6 15. e5 exd5 16. Bxd5 Nc6 {½-½ (79) Mamedyarov,S (2799)-Svidler,P (2765) Riadh 2017}) 10. Rc1 {LiveBook: 3 Games} cxd4 11. cxd4 {White has an edge.} (11. Nc4 $5 {[%cal Rc4a5]} Qxa2 12. cxd4 $11) 11... Nc6 12. d5 {[#] Rc5 is the strong threat.} Ne5 13. Be2 $1 Bd7 $146 ({Predecessor:} 13... b5 14. O-O Ba6 15. Nb3 Qd8 16. Nc5 Qd6 17. Qd2 Nc4 18. Bxc4 bxc4 19. Qa5 Bc8 20. Rxc4 Qb6 21. Qd2 {1-0 (21) Plischki,S (2389)-Rojikova,L (1852) Hradec Kralove 2013}) 14. O-O {Black must now prevent f4.} Rfc8 15. Qb3 b5 $1 16. h3 Rab8 $1 17. Bf4 Ra8 (17... e6 $11) 18. Rfd1 (18. a3 $14) 18... h6 19. a3 g5 20. Be3 e6 21. Nf3 (21. Bc5 {feels hotter.} exd5 22. exd5 Nc4 23. Bb4 Nxd2 24. Bxd2 Qa4 25. Qf3) 21... Nxf3+ 22. Bxf3 Rc3 23. Rxc3 Qxc3 24. Qxc3 Bxc3 25. e5 Rc8 26. Bxa7 Bxe5 27. Re1 Bd6 28. Bg4 {[%cal Rd5e6]} Re8 29. dxe6 Bxe6 30. Re3 Ra8 {[#] aiming for ...Bxg4.} 31. Bxe6 Rxa7 $11 {[%mdl 4096] Endgame KRB-KRB} ({Much weaker is} 31... fxe6 $6 32. Rxe6 Bxa3 33. Be3 $14) 32. Rd3 Bxa3 33. Rd7 Rxd7 34. Bxd7 $15 {KB-KB} b4 35. Ba4 Kg7 36. Kf1 Bb2 37. Ke2 Bd4 38. Bb3 Bb6 39. Bc4 Bd4 40. Bb3 $1 Bb6 41. Bc4 {Precision: White = 55%, Black = 48%.} 1/2-1/2

[Event "RUS-chT Premier League 2018"]
[Site "Sochi"]
[Date "2018.05.01"]
[Round "1"]
[White "Bocharov, Dmitry"]
[Black "Alekseev, Evgeny"]
[Result "0-1"]
[WhiteElo "2594"]
[BlackElo "2622"]
[Annotator "TA"]
[PlyCount "152"]
[EventDate "2018.??.??"]
[EventCountry "RUS"]
[SourceTitle "playchess.com"]
[Source "ChessBase"]
[SourceQuality "1"]

{[%evp 13,152,5,14,0,5,0,0,0,33,-12,-8,-6,-6,-9,-14,-49,-41,-43,-55,-38,-53,-92,-79,-77,-87,-156,-147,-162,-157,-152,-168,-172,-175,-172,-190,-172,-174,-182,-170,-180,-165,-162,-150,-156,-116,-113,-114,-113,-105,-102,-102,-108,-114,-110,-84,-84,-84,-84,-84,-84,-84,-88,-84,-91,-84,-84,-84,-84,-84,-84,-84,-86,-50,-70,-80,-71,-75,-84,-76,-107,-84,-132,-84,-84,-84,-84,0,-84,0,-122,-85,-109,-100,-113,-125,-228,-228,-228,-228,-317,-318,-316,-293,-407,-407,-387,-392,-369,-354,-354,-308,-302,-265,-268,-268,-292,-287,-1825,-1694,-1763,-1100,-1822,-1139,-1718,-1214,-1676,0,-966,-868,-530,-268,-3790,-2544,-2161,-2104,-6097,-5882,-6227,-5989,-6083,-4910]} 1. c4 e5 2. Nc3 Nf6 3. Nf3 Nc6 4. e3 d5 5. cxd5 Nxd5 6. Qc2 {A28: English Opening: Four Knights Variation} (6. Bb5 Nxc3 7. bxc3 Bd6 8. d4 Bd7 9. O-O Qe7 10. e4 O-O 11. Re1 Nxd4 12. Nxd4 exd4 13. Bxd7 Qxd7 14. cxd4 Bb4 15. Re3 Rad8 16. Bb2 Bc5 17. Rd3 {0-1 (66) Howell,D (2676)-Malakhov,V (2686) Riadh 2017}) 6... Nxc3 7. bxc3 Bd6 {LiveBook: 4 Games} 8. Bd3 {The position is equal.} h6 9. Rb1 O-O 10. O-O $146 ({Predecessor:} 10. Bf5 Rb8 11. O-O Bxf5 12. Qxf5 Ne7 13. Qc2 f5 {0-1 (47) Hillarp Persson,T (2577)-Grover,S (2288) Kolkata 2009}) 10... Qe7 11. h3 b6 12. Be4 Bd7 13. Bb2 Rae8 14. Rbe1 Na5 15. d3 f5 16. Bd5+ Kh8 {aiming for ...e4.} 17. Nd2 e4 $1 $36 {[%mdl 2048] Strongly threatening ...Qe5. Black has strong initiative.} 18. f4 {[%cal Rd3e4]} exf3 19. Nxf3 (19. Rxf3 $142 c6 20. Bb3) 19... Bg3 $1 $17 20. Re2 Qc5 $1 {[%cal Rc5d5]} 21. Bb3 Rxe3 22. Rxe3 Qxe3+ 23. Kh1 Nxb3 24. axb3 Re8 25. c4 Kh7 26. d4 Qe2 27. Qb1 Re3 28. d5 Bd6 29. Re1 Qf2 30. Rxe3 Qxe3 31. Bd4 Qe7 32. Qa1 a5 33. Be5 Be8 34. Bxd6 Qxd6 35. Qe1 Bd7 36. Ne5 Kg8 37. Qe3 Qe7 38. Qf4 g5 39. Qd4 Be8 40. Kg1 Qf6 41. Qe3 Kg7 42. Kf2 a4 {Hoping for ...axb3.} 43. bxa4 Bxa4 44. Nf3 Bd7 45. Ne5 f4 46. Qe1 Bf5 47. Qc3 Be4 48. Qd4 {[#]} Bd3 $1 {[%mdl 512]} 49. Qb2 (49. Qxd3 Qxe5) 49... Be4 50. Qd4 Bf5 51. Qc3 $1 Qd6 52. Kf1 Kg8 53. Qa1 Qb4 54. Qd4 (54. Qa8+ $17 Kg7 55. Qe8) 54... Qb1+ $19 55. Kf2 Qe4 56. Qc3 {[#]} Qc2+ $1 57. Qxc2 Bxc2 {[%mdl 4096] Endgame KB-KN} 58. d6 cxd6 59. Nd7 Kf7 60. Nxb6 Ke6 61. g3 Be4 62. h4 f3 63. hxg5 hxg5 64. g4 Bc6 65. Ke3 $2 (65. Nc8) 65... Ke5 66. Nc8 Bd7 $1 {[%csl LRc8,LRg4]} 67. Ne7 Bxg4 68. Nc6+ Kf6 69. Nd4 Ke5 70. Nc6+ Ke6 71. Nd4+ Kd7 72. Kf2 $2 (72. Nb3) 72... Bh5 {Black is clearly winning.} 73. Kg3 {[#]} g4 $1 74. Nf5 Bf7 75. Ne3 Be6 76. Nc2 Bxc4 {Precision: White = 51%, Black = 79%.} 0-1

[Event "RUS-chT Premier League 2018"]
[Site "Sochi"]
[Date "2018.05.01"]
[Round "1"]
[White "Esipenko, Andrey"]
[Black "Kamsky, Gata"]
[Result "1/2-1/2"]
[WhiteElo "2587"]
[BlackElo "2670"]
[Annotator "TA"]
[PlyCount "86"]
[EventDate "2018.??.??"]
[EventCountry "RUS"]
[SourceTitle "playchess.com"]
[Source "ChessBase"]
[SourceQuality "1"]

{[%evp 15,86,22,36,39,45,43,65,58,56,66,87,47,34,47,50,46,46,56,46,46,72,65,70,72,84,79,82,78,90,77,86,72,79,60,102,0,69,60,88,79,113,50,96,43,39,29,22,27,111,83,83,83,83,73,73,18,146,80,156,37,87,38,43,34,26,41,69,64,64,0,65,50,61]} 1. d4 Nf6 2. c4 e6 3. Nf3 b6 4. g3 Bb4+ 5. Bd2 Bxd2+ 6. Qxd2 Bb7 7. Bg2 O-O 8. O-O c5 {LiveBook: 11 Games. E16: Queen's Indian: 4 g3 Bb7 5 Bg2 Bb4+} (8... Ne4 9. Qc2 f5 10. Nfd2 d5 11. cxd5 exd5 12. Nc3 Nd7 13. Ndxe4 dxe4 14. Nb5 Nf6 15. Qxc7 Ba6 16. Qc4+ {1-0 (45) Ding,L (2753)-Nguyen,N (2633) Baku 2016}) 9. dxc5 bxc5 10. Nc3 Qe7 11. Rfd1 Rd8 12. Qd6 Kf8 $146 ({Predecessor:} 12... Qxd6 13. Rxd6 Kf8 14. Rad1 Ke7 15. Ng5 Bxg2 16. Kxg2 {1-0 (33) Bogdanovski,V (2460)-Busch,K (2360) Balatonbereny 1988}) 13. Qf4 Nc6 14. Ne5 Nxe5 15. Bxb7 Rab8 {Threatens to win with ...Ng6.} 16. Bg2 d6 17. b3 a6 18. h3 h6 19. Rd2 Qc7 20. Rad1 Rd7 21. g4 Rbd8 22. e3 Ng6 23. Qg3 Ne7 24. Ne2 Qb6 25. Rd3 ({White should try} 25. e4 $1 $16) 25... Ng6 (25... d5 $11) 26. Nc3 $14 Ne7 27. h4 h5 28. g5 (28. gxh5 $16 Nxh5 29. Qg5) 28... Nf5 29. Qf4 (29. Qh3 $16 Ng4 30. R3d2) 29... Ng4 30. Be4 Ne7 $1 31. R3d2 g6 (31... Ne5 $11 {keeps the balance.}) 32. Bf3 $16 Ne5 33. Be2 Nf5 34. Ne4 Ke7 35. f3 ({White should play} 35. Kh2 $16) 35... Ra7 {[#]} (35... a5 $11) 36. Kf2 (36. Nxd6 $142 $1 {[%mdl 512]} Rxd6 37. Rxd6 (37. Qxe5 Rad7 $16) 37... Nxd6 38. Qf6+ (38. Qxe5 Ne8 $16) 38... Kf8 39. Qxe5) 36... a5 (36... Rad7 $142) 37. Nc3 (37. Nxd6 $1 $16 Rxd6 38. Rxd6 (38. Qxe5 Rad7 $16) 38... Nxd6 39. Qf6+ (39. Qxe5 Ne8 $18) 39... Kf8 40. Qh8+ (40. Qxe5 Rd7 $16) 40... Ke7 41. Qxe5) 37... Rad7 38. Bf1 Qb4 39. Rc2 Qb7 40. Bg2 Qb8 41. Bh3 ({And not} 41. e4 {[#]} d5 $1 $17 {[%mdl 512]}) 41... Qb4 42. Bf1 ({Better is} 42. Bxf5 $14 gxf5 43. e4) 42... Rb8 (42... Qb7 $11) 43. Na4 Rbd8 {Precision: White = 46%, Black = 39%.} 1/2-1/2

[Event "RUS-chT Premier League 2018"]
[Site "Sochi"]
[Date "2018.05.01"]
[Round "1"]
[White "Oparin, Grigoriy"]
[Black "Lysyj, Igor"]
[Result "1/2-1/2"]
[WhiteElo "2584"]
[BlackElo "2630"]
[Annotator "TA"]
[PlyCount "63"]
[EventDate "2018.??.??"]
[EventCountry "RUS"]
[SourceTitle "playchess.com"]
[Source "ChessBase"]
[SourceQuality "1"]

{[%evp 16,63,22,27,32,17,18,18,40,31,39,27,53,30,39,35,35,18,14,4,4,4,14,4,4,4,9,4,5,4,22,4,14,10,8,8,7,0,8,0,0,0,4,0,0,0,6,0,0,0]} 1. c4 b6 2. d4 Bb7 3. Nf3 e6 4. g3 Bb4+ 5. Bd2 Bxd2+ 6. Qxd2 Bxf3 7. exf3 Nf6 {A40: Unusual replies to 1 d4} (7... Nc6 8. f4 Qf6 9. d5 Nd4 10. Bg2 Rd8 11. Nc3 c5 12. O-O-O Nh6 13. Ne4 Qe7 14. Rhe1 Nhf5 15. Qc3 {0-1 (62) Aronian,L (2805)-Rapport,R (2707) Riadh 2017}) 8. Bg2 d5 9. f4 {LiveBook: 3 Games} Nc6 {White has an edge.} 10. O-O O-O 11. Qc3 $146 {cxd5 is the strong threat.} ({Predecessor:} 11. cxd5 Nxd5 12. Nc3 Nce7 13. Rac1 c6 14. Ne4 Rc8 15. Ng5 {1-0 (67) Lysyj,I (2618)-Maghsoodloo,P (2594) Moscow 2018}) 11... Ne4 12. Qd3 Qd7 13. Rd1 Rad8 14. Na3 {[%cal Bb1a3,Ba3c2,Bc2e1,Be1f3,Bf3e5][%mdl 32]} Nb4 15. Qb3 {[#] Black must now prevent Bxe4.} a5 16. Rac1 c6 {The position is equal.} 17. Nc2 dxc4 18. Qxc4 Nd6 19. Qb3 Nd5 20. Ne1 Qb7 21. Nf3 Rc8 22. Ne5 Rc7 23. a3 Rfc8 24. Rc2 g6 25. Qd3 Nf5 26. Rdc1 Nfe7 27. h4 h5 $1 28. Qd2 Kg7 29. Rc4 Nf5 30. R4c2 Nfe7 31. Rc4 Nf5 32. R4c2 {Precision: White = 50%, Black = 68%.} 1/2-1/2

[Event "RUS-chT Premier League 2018"]
[Site "Sochi"]
[Date "2018.05.01"]
[Round "1"]
[White "Timofeev, Artyom"]
[Black "Kobalia, Mikhail"]
[Result "1/2-1/2"]
[WhiteElo "2573"]
[BlackElo "2601"]
[Annotator "TA"]
[PlyCount "70"]
[EventDate "2018.??.??"]
[EventCountry "RUS"]
[SourceTitle "playchess.com"]
[Source "ChessBase"]
[SourceQuality "1"]

{[%evp 23,70,-15,2,0,0,0,0,0,0,0,0,-14,-5,-6,-10,-6,-8,-5,0,-14,-18,-16,-6,-12,0,0,0,0,0,-4,0,0,0,0,0,0,0,0,0,0,0,0,0,0,0,0,0,0,0]} 1. e4 e5 2. Nf3 Nc6 3. Nc3 Nf6 4. d4 exd4 5. Nxd4 Bb4 6. Nxc6 bxc6 7. Bd3 O-O 8. O-O d5 9. exd5 cxd5 10. Bg5 c6 11. Na4 Bd6 12. Re1 {C47: Scotch Four Knights and Four Knights with 4 g3} (12. c3 Re8 13. Bh4 Bg4 14. f3 Bh5 15. Qc2 Bg6 16. Rae1 Qc7 17. g4 Bxd3 18. Qxd3 Nd7 19. Qc2 Nf8 20. Rxe8 Rxe8 {0-1 (40) Nakamura,H (2789)-Carlsen,M (2872) Zuerich 2014}) 12... Rb8 {LiveBook: 6 Games. The position is equal.} 13. b3 Be6 $146 ({Predecessor:} 13... Rb4 14. c4 h6 15. Bh4 Be6 16. a3 Rb7 17. c5 Bb8 18. b4 g5 19. Bg3 Bxg3 20. hxg3 {1-0 (38) Zarkaj,A-Rees,G (2097) Kemer 2007}) 14. Qd2 c5 15. Rad1 Re8 16. Nc3 h6 17. Bf4 Bxf4 18. Qxf4 Qa5 19. Qd2 Kf8 20. h3 Bd7 21. Ne4 Qxd2 22. Nxd2 a5 {[%cal Ba7a5,Ba5a4][%mdl 32]} 23. Nf3 Rxe1+ (23... Be6 {with more complications.} 24. Ne5 a4 25. f4 g6 26. g4 Kg7) 24. Rxe1 a4 25. Ne5 Be8 26. f3 Ra8 27. Kf2 Ra7 28. f4 axb3 29. axb3 Ra2 30. Re2 Ra1 31. g4 Rh1 32. Kg2 Rc1 33. Kf2 Rh1 34. Kg2 Rc1 35. Kf2 Rh1 {Precision: White = 65%, Black = 82%.} 1/2-1/2

[Event "RUS-chT Premier League 2018"]
[Site "Sochi"]
[Date "2018.05.01"]
[Round "1"]
[White "Goganov, Aleksey"]
[Black "Frolov, Ivan"]
[Result "1-0"]
[WhiteElo "2570"]
[BlackElo "2243"]
[Annotator "TA"]
[PlyCount "113"]
[EventDate "2018.??.??"]
[EventCountry "RUS"]
[SourceTitle "playchess.com"]
[Source "ChessBase"]
[SourceQuality "1"]

{[%evp 20,113,7,1,44,37,39,49,59,52,57,24,55,66,83,70,86,50,70,67,56,47,76,60,45,20,39,41,66,39,61,70,52,72,49,0,69,50,89,52,77,67,171,171,163,168,231,64,63,53,58,57,81,69,179,168,172,183,183,182,176,181,174,173,166,166,195,184,251,249,239,236,247,244,247,232,395,377,420,443,425,412,816,852,1427,1336,1300,1403,1144,1023,1675,1642,1482,1439,4956,4956]} 1. Nf3 Nf6 2. c4 e6 3. g3 b6 4. Bg2 Bb7 5. d4 Be7 6. O-O O-O 7. Nc3 Ne4 8. Bd2 d5 9. cxd5 exd5 10. Rc1 Nd7 11. Bf4 {LiveBook: 63 Games} c6 {E18: Queen's Indian: Old Main Line (4 g3 Bb7 5 Bg2 Be7 6 0-0 0-0 7 Nc3)} (11... Nxc3 12. Rxc3 c5 13. dxc5 bxc5 14. Rc1 Nf6 15. Bg5 Qb6 16. Qc2 Rfe8 17. Nd2 h6 18. Bxf6 Bxf6 19. e4 dxe4 20. Bxe4 Rad8 21. Bxb7 Qxb7 22. Nb3 Bd4 23. Nxc5 Bxc5 24. Qxc5 Qxb2 25. Qxa7 {½-½ (25) Aronian,L (2805)-Korobov,A (2652) Riadh 2017}) 12. Nxe4 $146 ({Predecessor:} 12. Ne5 Nxe5 13. Bxe5 Bg5 14. f4 Nxc3 15. Rxc3 Be7 16. f5 f6 17. Bf4 Qd7 18. e4 dxe4 19. Bxe4 {½-½ (56) Orgovan,S (2330)-Papp,N Hungary 1991}) 12... dxe4 13. Nd2 g5 {White is slightly better.} 14. Be3 f5 15. Qb3+ Kg7 16. Nc4 Ba6 17. Bd2 Rc8 {[#]} 18. g4 $1 {[%mdl 512] And now gxf5 would win.} fxg4 19. Bxe4 c5 20. d5 Bxc4 21. Rxc4 {Bb1 is the strong threat.} Ne5 $1 {[%cal Re5c4]} 22. Bc3 Bf6 23. Ra4 Rc7 24. Bf5 h5 25. Re4 $36 {[%mdl 2048] White has good play.} Qd6 26. Be6 Ng6 27. Bd2 Nf4 ({Black should try} 27... Re7 $11) 28. Bxf4 $1 $14 gxf4 29. f3 Bd4+ 30. Kh1 Rf6 (30... g3 $14) 31. fxg4 $18 hxg4 32. Bxg4 Rg6 (32... Rcf7 $142 33. Be6 Rf8) 33. Re6 $2 ({Better is} 33. Bf5 $18 Rg5 34. Be6) 33... Rxe6 $14 34. Bxe6 Qe5 $1 35. Qf3 Be3 36. Rd1 {Black must now prevent d6.} Kf6 (36... Bd4 $1 $14) 37. d6 $18 {[%cal Bd5d6,Bd6d7][%mdl 32]} Rg7 38. Bg4 ({And not} 38. d7 Qd6 $11) 38... Bd4 39. d7 Rg8 40. b4 Ke7 {[#]} 41. bxc5 $1 bxc5 42. h3 Kd6 43. Rb1 Qd5 (43... Rf8 {might work better.} 44. Kg2 Qd5) 44. Qxd5+ Kxd5 {[%mdl 4096] Endgame KRB-KRB} 45. Rb7 Kc6 46. Rxa7 Rd8 47. Ra6+ Kb5 $2 (47... Kb7 48. Ra3 Kb6) 48. Rd6 Be3 {[#]} 49. a4+ $1 Kxa4 50. Rc6 f3 (50... Bf2 $142 51. Rc8 Bh4) 51. exf3 {[%cal Be2f3,Bf3f4][%mdl 32] White is clearly winning.} Kb5 52. Rc8 Bg5 {[#]} 53. f4 $1 Be7 (53... Bxf4 54. Rxd8) 54. Be6 Kb4 55. Kg2 Kc3 56. Kf3 Kd4 57. Kg4 {Precision: White = 80%, Black = 31%.} 1-0

[Event "RUS-chT Premier League 2018"]
[Site "Sochi"]
[Date "2018.05.01"]
[Round "1"]
[White "Yuffa, Daniil"]
[Black "Natacheev, Peter"]
[Result "1-0"]
[WhiteElo "2566"]
[BlackElo "2243"]
[Annotator "TA"]
[PlyCount "115"]
[EventDate "2018.??.??"]
[EventCountry "RUS"]
[SourceTitle "playchess.com"]
[Source "ChessBase"]
[SourceQuality "1"]

{[%evp 10,115,13,16,28,18,28,6,42,41,60,35,91,67,72,66,78,85,91,53,71,45,45,39,39,39,39,45,56,52,45,41,56,37,58,63,74,81,65,16,20,16,132,8,88,87,92,89,102,96,118,95,91,90,97,86,118,118,128,128,128,128,127,126,125,125,130,90,122,127,129,129,124,108,125,124,132,118,141,132,204,215,760,752,734,712,897,856,1006,832,2905,2879,2633,2487,2179,2190,1691,1671,29961,29961,29969,29970,29971,29972,29973,29974,6785,5073]} 1. d4 d5 2. c4 c6 3. Nc3 Nf6 4. Nf3 e6 5. e3 Nbd7 6. Qc2 {LiveBook: 11774 Games} c5 {D45: Semi-Slav: 5 e3} (6... Bd6 7. b3 O-O 8. Be2 b6 9. O-O Bb7 10. Bb2 Re8 11. Rad1 Qc7 12. e4 Nxe4 13. Nxe4 dxe4 14. Qxe4 c5 15. Qh4 Rad8 16. Rfe1 Be7 17. Qh3 Bf6 18. Bd3 h6 19. Be4 Bxe4 20. Rxe4 cxd4 21. Bxd4 {½-½ (45) Le,Q (2737)-Ding,L (2777) Huaian 2017}) 7. cxd5 exd5 8. Be2 Be7 {The position is equal.} 9. O-O O-O 10. Rd1 c4 (10... b6 $14) 11. b3 cxb3 12. Qxb3 Nb6 13. a4 a5 14. Rb1 $146 ({Predecessor:} 14. Ba3 Bxa3 15. Qxa3 Bd7 16. Ne5 {1-0 (38) Foisor,M (2212)-Firaru,R (1684) Mamaia 2013}) 14... Bb4 $1 15. Ba3 Bf5 16. Bd3 Bxd3 17. Rxd3 Bxa3 18. Qxa3 Nc4 19. Qa2 b6 20. Nxd5 Qxd5 21. Rb5 Qe6 {[#] Strongly threatening ...Rfc8.} 22. d5 $1 {[%cal Rd5e6]} Qf5 23. Qxc4 Rac8 24. Qb3 {And now Rd1 would win.} Ne4 $1 {[%cal Re4c5]} 25. d6 Qf6 {[#]} (25... Nc5 $11 26. Rd1 Rfd8) 26. Qa3 (26. Rd1 $1 $16) 26... Nxd6 (26... Rc6 $11) 27. Rxb6 $16 ({Not} 27. Rxd6 $2 Qxd6 28. Qa1 Rc4 $19) 27... Nc4 28. Qxf8+ $1 ({Stronger than} 28. Rxf6 Nxa3 29. g3 (29. Rfd6 Nc4 $17) 29... gxf6 $17) 28... Kxf8 29. Rxf6 Nb2 {( -> ...Rc1+)} 30. g3 (30. g4 {seems wilder.} Nxd3 31. Ra6 Rc1+ 32. Kg2 Rc2 33. Nd4) 30... Nxd3 {[%mdl 4096] Endgame KRN-KRN} 31. Rd6 Rc1+ 32. Kg2 Nc5 33. Rc6 Rc3 34. Rc8+ Ke7 35. Rc7+ Kf6 36. Ra7 Nxa4 37. Rxa5 Nc5 38. Nd4 g6 39. g4 h6 40. h4 Rc4 41. f3 Rc3 42. Kf2 Kg7 43. Rb5 Nd7 44. h5 Nf6 (44... Kf6 $16 {was necessary.} 45. f4 Ke7) 45. hxg6 $18 Kxg6 $2 (45... fxg6 46. Rb7+ Kf8) 46. Rb6 Rc5 47. f4 Ra5 48. Kf3 Ra3 49. Nf5 Rd3 50. Nxh6 Kxh6 51. Rxf6+ {KR-KR} Kg7 52. g5 Ra3 53. Rb6 Ra1 54. e4 {[%cal Be3e4,Be4e5][%mdl 32]} Rg1 55. e5 Re1 56. Kg4 Re4 57. Kf5 Ra4 58. g6 {Precision: White = 78%, Black = 30%.} 1-0

[Event "RUS-chT Premier League 2018"]
[Site "Sochi"]
[Date "2018.05.01"]
[Round "1"]
[White "Tsydypov, Zhamsaran"]
[Black "Usmanov, Vasily"]
[Result "1/2-1/2"]
[WhiteElo "2525"]
[BlackElo "2464"]
[Annotator "TA"]
[PlyCount "132"]
[EventDate "2018.??.??"]
[EventCountry "RUS"]
[SourceTitle "playchess.com"]
[Source "ChessBase"]
[SourceQuality "1"]

{[%evp 15,132,0,0,-25,-31,-19,-22,-23,0,0,0,0,14,0,10,0,25,25,35,18,24,11,33,17,53,21,45,28,107,85,95,81,100,102,164,157,170,155,166,161,252,290,274,272,268,272,268,245,364,379,435,216,191,170,178,190,238,177,172,21,16,4,18,0,270,261,262,270,262,193,279,274,290,285,272,131,131,131,131,131,131,131,131,131,131,39,131,131,131,131,131,39,131,39,39,45,53,0,53,39,39,8,8,8,8,8,8,8,8,8,8,8,8,8,8,8,8,8,8]} 1. e4 e6 2. d4 d5 3. e5 c5 4. c3 Qb6 5. Nf3 Nc6 6. Be2 cxd4 7. cxd4 Nh6 8. Bxh6 Qxb2 {LiveBook: 3 Games. C02: French: Advance Variation} 9. Nc3 (9. Nbd2 {seems wilder.} gxh6 10. Nb3 Bb4+ 11. Kf1 Bd7 12. g3) (9. Nbd2 gxh6 10. Nb3 Bb4+ 11. Kf1 Be7 12. a3 a5 13. a4 Nb4 14. Ne1 Bd7 15. h4 b6 16. Rh3 Rc8 17. Rb1 Qa2 18. Ra1 Qb2 19. Rf3 Bxh4 20. Rb1 Qa2 21. Ra1 Qb2 22. Rb1 Qa2 23. Ra1 {½-½ (23) Durarbayli,V (2612)-Harikrishna,P (2752) Baku 2016}) 9... Qxc3+ 10. Bd2 Qa3 11. O-O Bb4 $146 ({Predecessor:} 11... Be7 12. Qc2 Bd8 13. Rab1 Bb6 14. Rb3 Qe7 15. Bg5 Qc7 16. Bc1 Nxe5 {0-1 (34) Mantovani,R (2359)-Yemelin,V (2573) Kallithea 2008}) 12. Rb1 {Threatening Rb3.} Bxd2 13. Qxd2 O-O 14. Bd3 h6 15. Rb3 Qe7 16. Bb1 a5 17. Qc2 {[%csl Gb1][%cal Rc2h7][%mdl 1024] White has compensation.} g6 18. h4 {[%cal Bh2h4,Bh4h5][%mdl 32]} a4 19. Rc3 Bd7 {[#]} 20. h5 $1 {[%mdl 512]} Rac8 (20... gxh5 21. Qh7#) 21. Rc1 Kg7 (21... Be8 $11) 22. hxg6 $16 Nb4 23. Qd2 fxg6 24. Rc7 Rxc7 (24... Nc6 $16 {keeps fighting.} 25. Rxb7 Rb8) 25. Rxc7 $18 Na6 26. Rxb7 Rb8 27. Qb2 $1 (27. Rxb8 $6 Nxb8 28. Bc2 a3 $16) 27... a3 (27... Qe8 $142 28. Bd3 a3) 28. Qb6 Rxb7 29. Qxb7 Nb4 30. Nh4 $1 {[%cal Rh4g6]} Nc6 31. Nxg6 Qd8 (31... Qf7 $142 32. Qb6 (32. Qa8 Be8 $16) 32... Qe8) 32. Nf4 {Threatening mate with Nxe6+.} Nxd4 33. Qa7 (33. Qb4 $142) 33... Nc6 34. Nxe6+ Kg8 {[#]} 35. Qc5 $1 (35. Nxd8 $6 Nxa7 36. f4 Nb5 $16) 35... Qb8 36. Bf5 Qb4 37. Qc1 $2 $40 {[%mdl 128] White attacks.} (37. Qe3 $18 {Qg3+ would kill now.} Kf7 38. Nd8+ (38. Qxh6 $2 Qe1+ 39. Kh2 Qxe5+ 40. Nf4 Qxf5 $19) 38... Nxd8 39. Bxd7) 37... Qb2 $11 38. Qd1 Qxe5 39. Qh5 {Intending Qg6+ and mate.} Bxe6 $4 {[%mdl 8192]} (39... Qe1+ $11 {and Black is okay.} 40. Kh2 Qe5+ 41. Kh3 (41. f4 Qf6 $11) 41... Qc3+ 42. f3 Qf6) 40. Qe8+ $18 Kg7 41. Bxe6 {White wants to mate with Qf7+.} Nd8 42. Qg8+ (42. Qxd8 Qxe6 43. Qc7+ Kg6 $11) 42... Kf6 43. Bxd5 ({Inferior is} 43. Qxd8+ Kxe6 44. Qe8+ Kd6 $11) 43... Ke7 44. g3 Qg5 45. Qxg5+ (45. Qh7+ $18 {has better winning chances.} Kd6 46. Bg8) 45... hxg5 {[%mdl 4096] Endgame KB-KN} 46. Kg2 {aiming for Kf3.} Kd6 47. Be4 Ke5 48. Kf3 Ne6 49. Ke3 Nc5 50. Bf3 (50. Bc2 $16) 50... Na6 {[#]} (50... Nb3 $14) 51. Bd1 $1 $16 Nb4 52. Bb3 Na6 53. Bg8 (53. Bc4 $16 Nb4 54. Bg8) 53... Nb4 (53... g4 $1 $14) 54. Bc4 ({Better is} 54. Bf7 $16) 54... g4 $14 55. Bb3 Na6 $1 56. Bc4 ({White should play} 56. f4+ $14 gxf3 57. Bg8 (57. Kxf3 Kf5 $16)) 56... Nc5 (56... Nb4 $11) 57. Be2 Ne4 58. Bxg4 Nc3 $1 {The position is equal.} 59. f4+ Kd6 60. Kd3 (60. Be2 $5 {[%cal Re2c4]} Nxa2 61. Kd2 $16) 60... Nxa2 61. Kc2 {Threatens to win with Kb3.} Nb4+ 62. Kb3 a2 63. Kb2 Kd5 64. Bf5 Kd4 65. Be6 Ke4 66. Bxa2 Nd3+ {Precision: White = 47%, Black = 51%.} 1/2-1/2